000
00312nas a2200121 4500
005
20211102114735.0
008
211102b ||||| |||| 00| 0 eng d
022
_a
2250-3919
040
_c
245
_a
Deeksha
260
_a
P G dept of social work,St. Aloysius College,Mangalore
_b
Aug 2019
942
_2
ddc
_c
PR
999
_c
220329
_d
220329